Bound and conjugated pesticide residues : a symposium /
Saved in:
| Corporate Author: | |
|---|---|
| Other Authors: | |
| Format: | Book |
| Language: | English |
| Published: |
Washington
American Chemical Society
1976.
|
| Series: | ACS symposium series ;
29. |
| Subjects: | |
| Online Access: | View in OPAC |
| Tags: |
No Tags, Be the first to tag this record!
|
MARC
| LEADER | 00000cam a2200000 i 4500 | ||
|---|---|---|---|
| 005 | 20260127134241.0 | ||
| 008 | 050517s1976 dcua b 101 0 eng | ||
| 010 | |a 76-013011 | ||
| 020 | |a 0841203342 | ||
| 035 | |a vtls008154311 | ||
| 035 | |a 2233432 | ||
| 039 | 9 | |y 200505170956 |z mschk03 | |
| 040 | |a STUSCHK1 |b slo |c STUSCHK1 | ||
| 082 | 0 | 0 | |a 632/.95/042 |2 20 |
| 245 | 0 | 0 | |a Bound and conjugated pesticide residues : |b a symposium / |c sponsored by the Division of Pesticide Chemistry at division workshop, Vail, Colo., June 22-26, 1975 ; Donald D. Kaufman ... [et al.], editor[s]. |
| 260 | |a Washington |b American Chemical Society |c 1976. | ||
| 300 | |a xi, 396 p. |b ill. |c 24 cm. | ||
| 490 | 1 | |a ACS symposium series ; 29 |x 0097-6156 | |
| 504 | |a Includes bibliographical references and index. | ||
| 650 | 0 | |a Pesticides |x Environmental aspects |x Congresses. | |
| 700 | 1 | |a Kaufman, Donald DeVere, |d 1933- | |
| 710 | 2 | |a American Chemical Society. |b Division of Pesticide Chemistry. | |
| 830 | 0 | |a ACS symposium series ; |v 29. | |
| 906 | |a 7 |b cbc |c orignew |d 1 |e ocip |f 19 |g y-gencatlg | ||
| 910 | |a SCHK95 | ||
| 919 | |a 0-8412-0334-2 | ||
| 991 | |b c-GenColl |h QH545.P4 |i B63 |p 00050983511 |t Copy 1 |v 29 |w BOOKS | ||
| 999 | |c 7836 |d 7836 | ||